A fairly good time

Zapisane w:
Opis bibliograficzny
1. autor: Gallant, Mavis
Format: Książka
Język:Undetermined
Wydane: Toronto, Canadá Macmillan of Canadá 1983
Hasła przedmiotowe:
Etykiety: Dodaj etykietę
Nie ma etykietki, Dołącz pierwszą etykiete!

MARC

LEADER 00000nam a2200000Ia 4500
008 170316s9999 xx 000 0 und d
040 |a cru BVZT 
090 |a 818 G-3a 
100 |a Gallant, Mavis 
245 2 |a A fairly good time 
260 |a Toronto, Canadá 
260 |b Macmillan of Canadá 
260 |c 1983 
300 |a 308 páginas 
650 |a LITERATURA CANADIENSE 
999 |c 6448  |d 6448 
942 |c 15 D  |h 818 G-3a  |2 z